000 00447nam a2200145Ia 4500
008 151015s9999 xx 000 0 und d
020 _a789701766
050 _aQA 76.76 .O63 B645 1995
245 _aBott Ed
250 _a_Using Microsoft office for windows 95 The fast and easy way to learn Ed Bott
300 _aindianapolis Que 1995
500 _aInclude index
650 _a_Microsoft office tools
700 _a^d20120814 10:24:15^okorir
999 _c3387
_d3387